| 000 | 00467nam a2200157Ia 4500 | ||
|---|---|---|---|
| 008 | 210716s2007 xx 000 0 und d | ||
| 041 | _aeng | ||
| 082 | _a332.63204 KELD | ||
| 100 | _aKeller, David. | ||
| 245 |
_aBreakthroughs in technical analysis: new thinking from the worlds top minds. _bNew thinking from the worlds top minds. |
||
| 250 | _a1 | ||
| 260 |
_aNew Delhi _bViva Books _c2007 |
||
| 300 | _axvi,227 | ||
| 650 | _aFinance | ||
| 700 | _aKeller, David. | ||
| 999 |
_c204711 _d204711 |
||